Gaming Quiz

Random Gaming or Rock Quiz

Yugioh! - Is but it Isn't Quiz Stats

 Plays Quiz not verified by Sporcle

Score 0/13 Timer 03:00
0 Plays Today
Non-Type % Correct
DinosaurCyber Dinosaur (Machine)
57.1%
FishMetal Fish (Machine)
33.3%
PsychicPsychic Kappa (Aqua)
28.6%
PsychicAlien Psychic (Reptile)
23.8%
PlantBio Plant (Fiend)
19%
RockRock Spirit (Spellcaster)
14.3%
PlantMagical Plant Mandragola (Spellcaster)
4.8%
MachineBeast Machine King Barbaros Ür (Beast-Warrior)
4.8%
RockPhantom Beast Rock-Lizard (Beast-Warrior)
4.8%
RockVirgil, Rock Star of the Burning Abyss (Spellcaster)
4.8%
ZombieMolten Zombie (Pyro)
4.8%
PyroSalamangreat Pyro Phoenix (Cyberse)
0%
RockMarincess Marbled Rock (Cyberse)
0%

You're not logged in!

Compare scores with friends on all Sporcle quizzes.
OR
Log In

Sporcle TV

Today on Sporcle TV


Watch our educational content, quiz creation guides, and fun videos on Sporcle TV.

Show Comments

Extras

Top Quizzes Today


Score Distribution

Your Account Isn't Verified!

In order to create a playlist on Sporcle, you need to verify the email address you used during registration. Go to your Sporcle Settings to finish the process.

Report this User

Report this user for behavior that violates our Community Guidelines.

Details: